000 00226nam a22000857a 4500
008 170116b xxu||||| |||| 00| 0 eng d
100 _92436
_aAnderson.H.S.etal.
245 _aSports Nutrition & Health
260 _aNew Delhi
_bSET
_c2009
999 _c5477
_d5477